000
00343nam a22001457a 4500
008
231120b |||||||| |||| 00| 0 eng d
020
_a
9788120343153
040
_a
13
100
_a
AWAD ELIAS .M
245
_a
KNOWLEDGE MANAGEMENT
250
_a
SECOND
260
_a
NEW DELHI ARISTA PUB
_b
PHI PUB
_c
9/11/2023
300
_a
505
942
_c
02
999
_c
57676
_d
57676